| 000 | 01359cam a22003377a 4500 | ||
|---|---|---|---|
| 003 | CHAP | ||
| 005 | 20220817044410.0 | ||
| 008 | 101119s2008 mx r o00010 spa d | ||
| 010 | _a99888 | ||
| 011 | _a100860 | ||
| 022 | _a1870-6088 | ||
| 035 | _a111546 | ||
| 040 | _cCHAP | ||
| 082 | 0 |
_a635 _bM98 |
|
| 110 | 2 |
_aMéxico. _bSecretaría de Agricultura, Ganadería y Desarrollo Rural |
|
| 245 | 1 | 0 |
_aGaceta oficial de los derechos de obtentor de variedades vegetales (Plant variety rights gazette) _c/editado por Secretaría de Agricultura, Ganadería y Desarrollo Rural |
| 260 |
_aMéxico, D.F. : _bSecretaría de Agricultura, Ganadería y Desarrollo Rural, _c2008 |
||
| 300 |
_a137 p. : _bgráfs. ; cuadros |
||
| 500 | _aProcesado también como Folleto 16031 | ||
| 590 |
_aBATCH-UPD _b10 _c20130110 _lUCH01 _h1341 |
||
| 590 |
_aBATCH-UPD _b10 _c20130410 _lUCH01 _h0842 |
||
| 590 |
_aBATCH-UPD _b10 _c20130914 _lUCH01 _h1123 |
||
| 590 |
_aCONVERSION _b10 _c20130109 _lUCH01 _h1355 |
||
| 650 | 1 | 4 |
_aCultivos _xVariedades. _930332 |
| 650 | 1 | 4 |
_aLegumbres _xVariedades. _965795 |
| 710 | 0 |
_aMéxico. Servicio Nacional de Inspección y Certificación de Semillas. _977241 |
|
| 901 | _aBK | ||
| 942 | _cLIBRO | ||
| 949 |
_a635 M98 _bBC _cLIBRO _d33724002130975 _eLIBRO _h113807 _i111546 _sb |
||
| 949 |
_a635 M98 _bBC _cLIBRO _d33724002131017 _eLIBRO _fc.2 _h113808 _i111546 _sb |
||
| 999 |
_c99888 _d99888 |
||